Ahmad Rashid Talu : sasterawan mendahului zaman

Bibliographic Details
Other Authors: Sohaimi Abdul Aziz
Format: Book
Published: Pulau Pinang : USM , 2003
Series:Siri kefahaman budaya cendekia Melayu di Pulau-Pinang ; 2
Subjects:

MARC

LEADER 00000cam a2200000 7i4500
001 0000015020
005 20080312.0
008 080312
020 |a 9838612510 
090 0 0 |a 899.23092   |b AHM 
245 1 0 |a Ahmad Rashid Talu :   |b sasterawan mendahului zaman   |c editor Sohaimi Abdul Aziz 
260 |a Pulau Pinang :   |b USM ,   |c 2003 
440 |a Siri kefahaman budaya cendekia Melayu di Pulau-Pinang ; 2 
650 0 |a Ahmad bin Muhammad Rashid Talu, 1889-1939   |x Contributions in Malay literature 
650 0 |a Malay literatura   |x History and criticism 
700 0 |a Sohaimi Abdul Aziz 
999 |a 0001016434   |b Book   |c Adult Collection   |e Perbadanan Perpustakaan Awam Johor